000
00296pam a2200133 a 4500
020
_c
041
_a
eng
082
_a
591
_b
PIN
100
_a
Pincher.C.
245
_a
The Breeding Of Forms Animal
_h
Textual Documents
260
_a
New York
_b
Penguin Books Ltd
300
_a
149p.
930
_a
15322
999
_c
92222
_d
92222